[Event "Zudov Memorial-A 8th"]
[Site "Nizhnij Tagil"]
[Date "2012.10.14"]
[Round "5"]
[White "Gurkin, Anton"]
[Black "Pogromsky, Mikhail"]
[Result "1/2-1/2"]
[WhiteElo "2263"]
[BlackElo "2411"]
[PlyCount "115"]
[EventDate "2012.10.07"]
[EventType "tourn"]
[EventRounds "14"]
[EventCountry "RUS"]
[EventCategory "2"]
[SourceTitle "EXT 2013"]
[Source "ChessBase"]
[SourceDate "2012.11.22"]
[SourceVersion "1"]
[SourceVersionDate "2012.11.22"]
[SourceQuality "1"]

1. e4 d5 2. exd5 Qxd5 3. Nc3 Qd6 4. Nf3 Nf6 5. d4 a6 6. Bg5 Bg4 7. Be2 Nbd7 8. h3 Bh5 9. Qd2 e6 10. 0-0 0-0-0 11. Rfd1 h6 12. Bf4 Qc6 13. Qe3 Bb4 14. g4 Bg6 15. Ne5 Nxe5 16. dxe5 Bc5 17. Qg3 Ne4 18. Nxe4 Bxe4 19. Qc3 Qb6 20. Be3 Bxe3 21. fxe3 Rd5 22. Rf1 Rc5 23. Qd4 Rxc2 24. Qxb6 cxb6 25. Rac1 Rxc1 26. Rxc1+ Kd7 27. Kf2 Rc8 28. Rd1+ Ke7 29. Bf3 Rc2+ 30. Kg3 Bxf3 31. Kxf3 Rxb2 32. Rc1 Rd2 33. Rc7+ Rd7 34. Rc8 b5 35. a3 f6 36. Ke4 fxe5 37. Kxe5 Rd5+ 38. Ke4 h5 39. Rg8 Kf6 40. Rb8 hxg4 41. hxg4 Rc5 42. Rf8+ Kg6 43. Kd4 Rc4+ 44. Ke5 Rxg4 45. e4 Rg3 46. Kxe6 Rxa3 47. e5 b4 48. Kd5 b3 49. e6 b2 50. Rf1 Re3 51. Kd6 Rd3+ 52. Ke5 a5 53. Rg1+ Kh7 54. Rb1 Rd2 55. e7 Re2+ 56. Kd6 Rd2+ 57. Ke6 Re2+ 58. Kd7 1/2-1/2

[Event "Zudov Memorial-A 8th"]
[Site "Nizhnij Tagil"]
[Date "2012.10.07"]
[Round "3"]
[White "Gurkin, Anton"]
[Black "Matveev, Vladimir1111"]
[Result "1/2-1/2"]
[WhiteElo "2263"]
[BlackElo "2325"]
[PlyCount "143"]
[EventDate "2012.10.07"]
[EventType "tourn"]
[EventRounds "14"]
[EventCountry "RUS"]
[EventCategory "2"]
[SourceTitle "EXT 2013"]
[Source "ChessBase"]
[SourceDate "2012.11.22"]
[SourceVersion "1"]
[SourceVersionDate "2012.11.22"]
[SourceQuality "1"]

1. e4 d6 2. d4 g6 3. Nc3 Bg7 4. Nf3 Nf6 5. h3 0-0 6. Bd3 Nbd7 7. Bg5 e5 8. dxe5 dxe5 9. Qe2 c6 10. 0-0 h6 11. Be3 Qe7 12. Rad1 Nc5 13. a3 a5 14. a4 Nxd3 15. Rxd3 Qb4 16. Bc1 Nd7 17. b3 Nc5 18. Re3 Re8 19. Nd2 Be6 20. Ncb1 Rad8 21. Ba3 Qb6 22. Rc3 Na6 23. Rd3 Rxd3 24. Qxd3 Rd8 25. Qe2 Nb4 26. Nf3 Qa6 27. c4 Qb6 28. Rd1 Na6 29. Rxd8+ Qxd8 30. Nbd2 f6 31. Qe3 b6 32. Kf1 Kf7 33. Ke2 Qc7 34. Ne1 Qb8 35. Nd3 h5 36. h4 Kg8 37. f3 Kh7 38. Qg1 Bh6 39. g4 Qd8 40. Nf1 hxg4 41. fxg4 Qd4 42. Qxd4 Bxg4+ 43. Ke1 exd4 44. Be7 f5 45. e5 f4 46. Nh2 Bf5 47. Ke2 Nb8 48. c5 bxc5 49. Bxc5 Be6 50. Bxd4 Bxb3 51. Nc5 Bc4+ 52. Kf2 Bf8 53. Ng4 Be7 54. Nf6+ Kg7 55. Kf3 Na6 56. Nxa6 Bxa6 57. Kxf4 Kf7 58. Kg5 Bc4 59. Bb6 Bb4 60. Ne4 Bd3 61. Kf4 Bc2 62. Nd6+ Ke6 63. Nc4 Bxa4 64. Bxa5 c5 65. Bb6 Bb3 66. Nd6 Bd2+ 67. Ke4 Bc2+ 68. Kf3 Kd5 69. Bxc5 Kxc5 70. Ne4+ Bxe4+ 71. Kxe4 Be1 72. h5 1/2-1/2